The evolution of communication

Spremljeno u:
Bibliografski detalji
Glavni autor: MARC D. HAUSER
Format: Knjiga
Jezik:Undetermined
Izdano: Cambridge, MA The MIT Press 1997
Teme:
Oznake: Dodaj oznaku
Bez oznaka, Budi prvi tko označuje ovaj zapis!
Thư viện lưu trữ: Trung tâm Học liệu Trường Đại học Cần Thơ
LEADER 00455nam a2200169Ia 4500
001 CTU_50415
008 210402s9999 xx 000 0 und d
082 |a 591.59 
082 |b H376 
100 |a MARC D. HAUSER 
245 4 |a The evolution of communication 
245 0 |c MARC D. HAUSER 
260 |a Cambridge, MA 
260 |b The MIT Press 
260 |c 1997 
650 |a animal communication 
980 |a Trung tâm Học liệu Trường Đại học Cần Thơ